00867cam a22002414a 45000010009000000050017000090080041000260100017000670200018000840400018001020410013001200500025001331000021001582400043001792450092002222600042003143000034003565000090003905040064004806500019005446500031005636500031005941550375120170124142921.0081029r20092006nyua b 001 0 eng  a 2008047469 a9781402759260 aDLCcDLCdDLC1 aenghita00aN6447.5b.L6613 20091 aLombardi, Laura.10aDal Realismo all'Art nouveau.lEnglish10aFrom realism to art nouveau /cLaura Lombardi ; [English translation by Angela Arnone]. aNew York, NY :bSterling Pub.,c2009. a192 p. :bcol. ill. ;c27 cm. aOriginally published: Dal Realismo all'Art nouveau. Florence : Giunti Editore, c2006. aIncludes bibliographical references (p. 186-189) and index. 0aArt movements. 0aArt, Moderny19th century. 0aArt, Moderny20th century.